[Event "División  Honor Aragonesa 2018"]
[Site ""]
[Date "2018.03.24"]
[Round "9.10"]
[White "Villuendas Valero, Adrian"]
[Black "Lopez Gracia, Fernando"]
[Result "1/2-1/2"]
[WhiteElo "2291"]
[BlackElo "2302"]
[PlyCount "0"]
[WhiteTeam "El Olivar"]
[BlackTeam "Ibercaja"]
[EventDate "2018.01.27"]

1. d4 d5 2. Bf4 Nf6 3. e3 e6 4. Nd2 c5 5. c3 Nc6 6. Ngf3 Bd6 7. Bg3 O-O 8. Bd3
b6 9. Ne5 Bb7 10. O-O Ne7 11. Bh4 Ne4 12. Nxe4 dxe4 13. Be2 Qc7 1/2-1/2

[Event "División  Honor Aragonesa 2018"]
[Site ""]
[Date "2018.03.24"]
[Round "9.13"]
[White "Guetas Sanchez, Hugo"]
[Black "Romero Pallares, Daniel"]
[Result "0-1"]
[WhiteElo "2123"]
[BlackElo "2203"]
[PlyCount "0"]
[WhiteTeam "Enroque S.M.A."]
[BlackTeam "Palacio de Pioneros"]
[EventDate "2018.01.27"]

1. e4 g6 2. d4 Bg7 3. Nc3 d6 4. Be3 Nf6 5. f3 O-O 6. Qd2 e5 7. O-O-O exd4 8.
Bxd4 Be6 9. h4 Na6 10. g4 c5 11. Be3 Qa5 12. h5 Nb4 13. Bh6 Nxe4 0-1

[Event "División  Honor Aragonesa 2018"]
[Site ""]
[Date "2018.03.24"]
[Round "9.14"]
[White "Palacios Herrero, Pablo"]
[Black "Sig Vargas, Pablo"]
[Result "0-1"]
[WhiteElo "2165"]
[BlackElo "1873"]
[PlyCount "0"]
[WhiteTeam "Palacio de Pioneros"]
[BlackTeam "Enroque S.M.A."]
[EventDate "2018.01.27"]

1. e4 e5 2. Nf3 Nf6 3. d4 Nxe4 4. Bd3 d5 5. Nxe5 Be7 6. O-O O-O 7. c4 Nf6 8.
cxd5 Nxd5 9. Nc3 Be6 10. Re1 Nd7 11. Qf3 Nxe5 12. Rxe5 Nf6 13. Be3 c6 14. Rxe6
fxe6 15. Qh3 Qd7 16. Re1 Bd6 17. Bg5 h6 18. Bd2 Rae8 19. Bg6 Re7 20. g4 Nd5 21.
g5 Nf4 22. Bxf4 Bxf4 23. gxh6 Bxh6 24. Re4 Qd6 25. Ne2 Rf6 26. Rg4 Qb4 27. Qc3
Qxc3 28. bxc3 e5 29. Bc2 Rd6 30. Re4 Kf8 31. dxe5 Rd5 32. f4 g5 33. Bb3 Ra5 34.
e6 gxf4 35. Nxf4 Bxf4 36. Rxf4+ Kg7 37. Kg2 Rc5 38. Rf3 b5 39. Kg3 a5 40. a3
Re5 41. Kf4 Re2 42. Kf5 a4 43. Rg3+ Kf8 44. Bd1 R2xe6 45. c4 Re5+ 46. Kf4 Re4+
47. Kf5 Rxc4 48. Rg6 Rc5+ 49. Kf6 Rd5 50. Rg1 Rd6+ 51. Kf5 Rg7 52. Rh1 Rd3 53.
h4 Kf7 54. h5 Rxa3 55. h6 Rh7 56. Bh5+ Ke7 57. Re1+ Kd6 58. Kg6 Rxh6+ 59. Kxh6
Rh3 60. Kg5 Rxh5+ 61. Kxh5 a3 62. Kg5 b4 63. Ra1 Kd5 64. Kf4 Kd4 65. Rd1+ Kc3
66. Ke3 a2 67. Rd3+ Kb2 68. Rd2+ Ka3 69. Rd1 b3 70. Kd2 b2 71. Kc2 a1=Q 72. Rb1
Qa2 0-1

[Event "División  Honor Aragonesa 2018"]
[Site ""]
[Date "2018.03.24"]
[Round "9.15"]
[White "Avellanas Pau, Miguel Angel"]
[Black "Dan, Teodor"]
[Result "1-0"]
[WhiteElo "1843"]
[BlackElo "2164"]
[PlyCount "0"]
[WhiteTeam "Enroque S.M.A."]
[BlackTeam "Palacio de Pioneros"]
[EventDate "2018.01.27"]

1. e4 g6 2. d4 Bg7 3. Nf3 d6 4. Nc3 Nf6 5. h3 O-O 6. Bc4 Nxe4 7. Nxe4 d5 8. Bd3
dxe4 9. Bxe4 c5 10. c3 Nd7 11. O-O Nf6 12. Bc2 cxd4 13. Qxd4 Nd5 14. Qh4 e5 15.
Bg5 f6 16. Rad1 fxg5 17. Nxg5 h6 18. Bxg6 Qxg5 19. Qxg5 hxg5 20. Rxd5 Bf6 21.
Be4 Kf7 22. Rfd1 Rb8 23. a4 a6 24. Rc5 Re8 25. g4 Be6 26. Rd6 Ke7 27. Rb6 Red8
28. Rc7+ Rd7 29. Rxe6+ Kxe6 30. Bf5+ Kd5 31. Rxd7+ Kc6 32. Rh7 b6 33. Rh6 Rf8
34. h4 Kc5 35. Bd3 gxh4 36. Bxa6 Bg5 37. b4+ Kd5 38. Rxb6 h3 39. Bb7+ Kc4 40.
a5 Bf4 41. a6 Rd8 42. Kf1 h2 43. a7 Rd1+ 44. Ke2 Rd2+ 45. Ke1 h1=Q+ 1-0

[Event "División  Honor Aragonesa 2018"]
[Site ""]
[Date "2018.03.24"]
[Round "9.16"]
[White "Baquedano Coarasa, Pablo"]
[Black "Campo Pelegrin, Ramon"]
[Result "1-0"]
[WhiteElo "2156"]
[BlackElo "1779"]
[PlyCount "0"]
[WhiteTeam "Palacio de Pioneros"]
[BlackTeam "Enroque S.M.A."]
[EventDate "2018.01.27"]

1. d4 d5 2. c4 e6 3. Nc3 Nf6 4. cxd5 exd5 5. Bg5 Be7 6. e3 Nbd7 7. Bd3 O-O 8.
Nf3 c6 9. O-O Qc7 10. Qc2 a6 11. Bxh7+ Nxh7 12. Bxe7 Re8 13. Bh4 Ndf6 14. Ne5
g6 15. Rac1 Bf5 16. Qe2 Qc8 17. h3 Ne4 18. Nxd5 1-

[Event "División  Honor Aragonesa 2018"]
[Site ""]
[Date "2018.03.24"]
[Round "9.17"]
[White "Cifuentes Parada, Roberto"]
[Black "Roche Simon, Manuel Angel"]
[Result "1-0"]
[WhiteElo "2465"]
[BlackElo "2210"]
[PlyCount "0"]
[WhiteTeam "Jaque"]
[BlackTeam "Delicias"]
[EventDate "2018.01.27"]

1. d4 e6 2. Nf3 f5 3. Bf4 Nf6 4. e3 d5 5. c4 c6 6. Nc3 Bd6 7. Bd3 O-O 8. O-O
Ne4 9. Qc2 h6 10. Bxd6 Qxd6 11. Ne5 Nd7 12. f4 Nxe5 13. fxe5 Qe7 14. cxd5 exd5
15. Bxe4 fxe4 16. Rxf8+ Kxf8 17. Ne2 Kg8 18. Nf4 Bd7 19. h3 Kh7 20. Kh2 Be8 21.
a3 a5 22. Rb1 a4 23. Rf1 Ra5 24. Qd2 Rb5 25. Ne2 b6 26. Nc3 Ra5 27. Qc2 b5 28.
Na2 Ra6 29. Nb4 Rb6 30. Qf2 Kg8 31. Qf5 Qf7 32. g4 Qxf5 33. gxf5 Rb7 34. e6
$138 1-0

[Event "División  Honor Aragonesa 2018"]
[Site ""]
[Date "2018.03.24"]
[Round "9.21"]
[White "Hinojar Basa, Alfonso"]
[Black "Salamero Pelay, Fernando"]
[Result "1/2-1/2"]
[WhiteElo "2199"]
[BlackElo "2155"]
[PlyCount "0"]
[WhiteTeam "Marcos Frechin"]
[BlackTeam "Atletismo Huesca"]
[EventDate "2018.01.27"]

1. e4 e6 2. d4 d5 3. Nc3 Bb4 4. e5 c5 5. a3 Bxc3+ 6. bxc3 Qa5 7. Bd2 Qa4 8. Qb1
c4 9. Nf3 Nc6 10. Be2 Bd7 11. Ng5 h6 12. Nh3 O-O-O 13. Nf4 Nge7 14. Bg4 g6 15.
h4 Rdf8 16. g3 Kb8 17. Kf1 Qa5 18. Qe1 Ka8 19. Kg2 Nf5 20. a4 Nce7 21. Bc1 Bxa4
22. Ba3 Re8 23. Bb4 Qa6 24. Ra2 b5 25. Qa1 Nc6 26. Bc5 Rc8 27. Rb1 Rc7 28. Bf3
Rd8 29. Re1 Nfe7 30. Bd6 Rb7 31. Kg1 Nc8 32. Bc5 Nb6 33. Bg2 Nd7 34. Bd6 Nb6
35. Bc5 Nd7 36. Bd6 Nb6 37. Bc5 Nd7 1/2-1/2

[Event "División  Honor Aragonesa 2018"]
[Site ""]
[Date "2018.03.24"]
[Round "9.22"]
[White "Abril Avellanas, Eduardo"]
[Black "Portero Garnica, Miguel Angel"]
[Result "1/2-1/2"]
[WhiteElo "2142"]
[BlackElo "2116"]
[PlyCount "0"]
[WhiteTeam "Atletismo Huesca"]
[BlackTeam "Marcos Frechin"]
[EventDate "2018.01.27"]

1. d4 d5 2. Nf3 Nf6 3. c4 e6 4. Nc3 Be7 5. Bg5 O-O 6. e3 h6 7. Bh4 Ne4 8. Bxe7
Qxe7 9. Qc2 c6 10. a3 Nxc3 11. Qxc3 Nd7 12. Be2 dxc4 13. Bxc4 b6 14. O-O Bb7
15. e4 Rfd8 16. Rfe1 Qf6 17. Qe3 c5 18. d5 exd5 19. exd5 Qxb2 20. Qf4 Nf6 21.
d6 Nd5 22. Bxd5 Bxd5 23. Rad1 Qb3 24. Ne5 Rxd6 25. Rd3 Qa2 26. Rd2 Qb3 27. Rd3
Qa2 1/2-1/2

[Event "División  Honor Aragonesa 2018"]
[Site ""]
[Date "2018.03.24"]
[Round "9.23"]
[White "Sancho Cortes, Miguel Angel"]
[Black "Luis Vitalla, Fernando"]
[Result "1/2-1/2"]
[WhiteElo "2048"]
[BlackElo "2116"]
[PlyCount "0"]
[WhiteTeam "Marcos Frechin"]
[BlackTeam "Atletismo Huesca"]
[EventDate "2018.01.27"]

1. e4 e5 2. Nf3 Nc6 3. Bb5 a6 4. Ba4 d6 5. c3 f5 6. d3 Nf6 7. Nbd2 Be7 8. O-O
O-O 9. Re1 fxe4 10. dxe4 Kh8 11. h3 Qe8 12. Nf1 Nh5 13. Ng3 Nf4 14. Kh2 Qg6 15.
Bxf4 Rxf4 16. Re3 Bd7 17. Qe2 Bg5 18. Nxg5 Qxg5 19. Nh5 Rh4 20. Ng3 Rf8 21.
Bxc6 Bxc6 22. Rf3 Rhf4 23. Rxf4 Qxf4 24. Kg1 g6 25. Re1 Kg7 26. Qe3 b6 27. Qxf4
Rxf4 28. f3 a5 1/2-1/2

[Event "División  Honor Aragonesa 2018"]
[Site ""]
[Date "2018.03.24"]
[Round "9.24"]
[White "Gella Lopez, Angel"]
[Black "Ciriano Lamban, Alejandro"]
[Result "1/2-1/2"]
[WhiteElo "2110"]
[BlackElo "2073"]
[PlyCount "0"]
[WhiteTeam "Atletismo Huesca"]
[BlackTeam "Marcos Frechin"]
[EventDate "2018.01.27"]

1. d4 Nf6 2. c4 g6 3. Nc3 Bg7 4. e4 d6 5. Nf3 O-O 6. Be2 e5 7. O-O Nc6 8. d5
Ne7 9. Ne1 Nd7 10. Nd3 f5 11. Bd2 Nf6 12. f3 h5 13. c5 Rf7 14. cxd6 cxd6 15.
Qc2 Bd7 16. a4 f4 17. Qb3 g5 18. Nb5 Ne8 19. Nf2 a6 20. Na3 Ng6 21. Nc4 b5 22.
axb5 Bxb5 23. Ba5 Qb8 24. Qc2 Rb7 25. b4 Bf8 26. Rfc1 Nf6 27. Na3 Bd7 28. h3
Qa7 29. Kf1 Be7 30. Qd1 Kf7 31. Rc3 Rg8 32. Rac1 Nh4 33. Rc7 Bd8 34. Rxb7 Qxb7
35. Nc4 Be7 1/2-1/2

[Event "División  Honor Aragonesa 2018"]
[Site ""]
[Date "2018.03.24"]
[Round "9.25"]
[White "Nicolas Zapata, Irene"]
[Black "Arjol Lopez, Daniel"]
[Result "1-0"]
[WhiteElo "2244"]
[BlackElo "2042"]
[PlyCount "0"]
[WhiteTeam "Teruel"]
[BlackTeam "St. Casablanca B"]
[EventDate "2018.01.27"]

1. d4 Nf6 2. Nf3 e6 3. e3 c5 4. c4 b6 5. Nc3 Be7 6. d5 d6 7. e4 O-O 8. g3 e5 9.
Bg2 a6 10. a4 a5 11. O-O Ne8 12. Ne1 f5 13. Nd3 Na6 14. f4 fxe4 15. Nxe4 exf4
16. Nxf4 Nec7 17. Bd2 Bf5 18. Bc3 g5 19. Nh5 Bxe4 20. Bxe4 Rxf1+ 21. Qxf1 Qf8
22. Bxh7+ Kxh7 23. Qd3+ Kh6 24. Rf1 Nb4 25. Qe2 Qe8 26. Ng7 Qg6 27. Qxe7 Ncxd5
28. Nf5+ Kh5 29. g4+ Kxg4 30. Qe2+ 1-0

[Event "División  Honor Aragonesa 2018"]
[Site ""]
[Date "2018.03.24"]
[Round "9.26"]
[White "Jaques Burguete, Raul"]
[Black "Garcia Fernandez, Javier"]
[Result "0-1"]
[WhiteElo "2002"]
[BlackElo "2148"]
[PlyCount "0"]
[WhiteTeam "St. Casablanca B"]
[BlackTeam "Teruel"]
[EventDate "2018.01.27"]

1. e4 c5 2. Nf3 g6 3. d4 cxd4 4. Nxd4 Nc6 5. Nxc6 bxc6 6. Qd4 Nf6 7. e5 Ng8 8.
Bc4 Bg7 9. O-O d5 10. Bb3 Qc7 11. f4 Nh6 12. c4 e6 13. Qc5 Bf8 14. Qf2 Ng4 15.
Qf3 Bc5+ 16. Kh1 h5 17. Nc3 Ba6 18. Na4 Bd4 19. Qe2 Qe7 20. Rf3 c5 21. Bd2 dxc4
22. Nc3 Kf8 23. Bxc4 Bb7 24. Nb5 Qh4 25. h3 Bxf3 26. Qxf3 Rd8 27. Bc3 Be3 28.
Rf1 Nf2+ 29. Kh2 Ng4+ 30. Kh1 Bd2 31. Nxa7 Kg7 32. Nc6 Rd7 33. Bb5 Bxc3 34.
Qxc3 Nf2+ 35. Kg1 Ne4 36. Qe3 Ng3 37. Rc1 Nf5 38. Qf3 Nd4 39. Nxd4 Rxd4 40. g3
Qxh3 41. Rxc5 h4 42. Bf1 Qf5 0-1

[Event "División  Honor Aragonesa 2018"]
[Site ""]
[Date "2018.03.24"]
[Round "9.27"]
[White "Dominguez Bujeda, Jesus"]
[Black "Sanjulian Arruga, Pablo"]
[Result "1-0"]
[WhiteElo "2097"]
[BlackElo "1788"]
[PlyCount "0"]
[WhiteTeam "Teruel"]
[BlackTeam "St. Casablanca B"]
[EventDate "2018.01.27"]

1. d4 d5 2. c4 e6 3. Nc3 c6 4. e4 dxe4 5. Nxe4 Nf6 6. Nxf6+ Qxf6 7. Nf3 Bb4+ 8.
Bd2 Bxd2+ 9. Qxd2 O-O 10. Bd3 Nd7 11. O-O b6 12. Bc2 Bb7 13. Rfe1 Rfd8 14. Ng5
Nf8 15. Rad1 c5 16. Ne4 Qe7 17. d5 exd5 18. Nc3 Qd6 19. cxd5 a6 20. Qg5 Ng6 21.
Ne4 Qe7 22. Qh5 Qh4 23. Qxh4 Nxh4 24. d6 f5 25. Bb3+ Kh8 26. Ng5 Rd7 27. Re7
1-0

[Event "División  Honor Aragonesa 2018"]
[Site ""]
[Date "2018.03.24"]
[Round "9.28"]
[White "Ayensa Garcia, Miguel Angel"]
[Black "Martin Catalan, Juan Vicente"]
[Result "1/2-1/2"]
[WhiteElo "1779"]
[BlackElo "2055"]
[PlyCount "0"]
[WhiteTeam "St. Casablanca B"]
[BlackTeam "Teruel"]
[EventDate "2018.01.27"]

1. c4 c5 2. g3 Nf6 3. Bg2 Nc6 4. Nc3 g6 5. Nf3 Bg7 6. O-O O-O 7. d4 cxd4 8.
Nxd4 Qb6 9. Nxc6 bxc6 10. Qc2 Rb8 11. b3 d6 12. e4 Bb7 13. Bb2 Rfd8 14. Na4 Qa5
15. Bc3 Qc7 16. f4 c5 17. Rfe1 Bc6 18. e5 Ne8 19. Bxc6 Qxc6 20. exd6 Qxd6 21.
Bxg7 Nxg7 22. Rad1 Qc7 23. Nc3 Rxd1 24. Qxd1 e6 25. Ne4 Nf5 26. Qd7 Qa5 27. Rd1
Qxa2 28. Qc7 Qxb3 29. Rd8+ Rxd8 30. Qxd8+ Kg7 31. Qf6+ Kh6 1/2-1/2

[Event "División  Honor Aragonesa 2018"]
[Site ""]
[Date "2018.03.24"]
[Round "9.29"]
[White "Sierra Aguerri, Joaquin"]
[Black "Laliena Solanes, Luis"]
[Result "1-0"]
[WhiteElo "2074"]
[BlackElo "2140"]
[PlyCount "0"]
[WhiteTeam "Tauste"]
[BlackTeam "ONCE C.A. Aragon"]
[EventDate "2018.01.27"]

1. e4 c6 2. Nf3 d5 3. exd5 cxd5 4. Ne5 Nc6 5. d4 Nf6 6. c3 g6 7. Bd3 Bg7 8. Nd2
Bf5 9. Bxf5 gxf5 10. Nf1 e6 11. Bg5 Qb6 12. Bxf6 Bxf6 13. Nxc6 bxc6 14. Qb3 Rb8
15. Qxb6 Rxb6 16. O-O-O Kd7 17. f4 Rhb8 18. Rd2 c5 19. dxc5 Rb5 20. c6+ Kc7 21.
Rc2 Rc5 22. Nd2 Rxc6 23. Nf3 Rc4 24. g3 Rb6 25. Re1 Ra6 26. Kb1 Re4 27. Rce2 h6
28. Nd2 Rea4 29. a3 Rb6 30. Ka2 d4 31. b3 Raa6 32. cxd4 Bxd4 33. Nc4 Rb5 34.
Rd1 Bc5 35. a4 Bb4 36. Rc2 Rc5 37. Rdc1 Rac6 38. Rd1 Rd5 39. Rdc1 Rdc5 40. Kb2
f6 41. Rd1 e5 42. fxe5 fxe5 43. Re2 e4 44. Rf1 Rd5 45. Ne3 Rd3 46. Nc4 Rd5 47.
Ref2 Re6 48. Ne3 Rd3 49. Nxf5 e3 50. Re2 Rd2+ 51. Rxd2 exd2 52. Rd1 Rc6 53. Ne3
Rc1 54. Rxc1+ dxc1=Q+ 55. Kxc1 h5 56. Nd5+ 1-0

[Event "División  Honor Aragonesa 2018"]
[Site ""]
[Date "2018.03.24"]
[Round "9.30"]
[White "Latorre Abad, Fernando"]
[Black "Sancho Casale, Jesus"]
[Result "1/2-1/2"]
[WhiteElo "2094"]
[BlackElo "2005"]
[PlyCount "0"]
[WhiteTeam "ONCE C.A. Aragon"]
[BlackTeam "Tauste"]
[EventDate "2018.01.27"]

1. e4 d6 2. d4 Nf6 3. Nc3 e5 4. Nf3 Nbd7 5. Bc4 Be7 6. O-O O-O 7. Re1 c6 8. a4
a5 9. b3 exd4 10. Nxd4 Ne5 11. Bf1 Re8 12. h3 d5 13. exd5 Nxd5 14. Nxd5 Qxd5
15. c4 Qd6 16. Ba3 Qc7 17. Bxe7 Rxe7 18. Ra2 Bd7 19. Rae2 Rae8 20. Re3 c5 21.
Nb5 Bxb5 22. cxb5 Ng6 23. Rxe7 Rxe7 24. Bc4 Kf8 25. Rxe7 Qxe7 26. Qf3 Ke8 27.
Kf1 Ne5 28. Qd5 f6 29. Qg8+ Kd7 30. Qxh7 Kc7 31. Qe4 Qd6 32. Ke2 g5 33. Qh7+
Kb6 34. Qe4 Kc7 35. Qh7+ Kb6 36. Qe4 Kc7 37. g3 1/2-1/2

[Event "División  Honor Aragonesa 2018"]
[Site ""]
[Date "2018.03.24"]
[Round "9.31"]
[White "Muro Turon, Raul"]
[Black "Cobo Garrido, Diego Israel"]
[Result "0-1"]
[WhiteElo "1884"]
[BlackElo "2083"]
[PlyCount "0"]
[WhiteTeam "Tauste"]
[BlackTeam "ONCE C.A. Aragon"]
[EventDate "2018.01.27"]

1. e4 e5 2. Nf3 Nc6 3. d4 exd4 4. Bc4 Nf6 5. e5 d5 6. Bb5 Ne4 7. Nxd4 Bd7 8.
Bxc6 bxc6 9. O-O Bc5 10. f3 Ng5 11. f4 Ne4 12. Be3 Bb6 13. Nc3 Nxc3 14. bxc3 c5
15. Nb3 c4 16. Nd4 c5 17. Ne2 Bc6 18. Qd2 O-O 19. Rad1 Qe7 20. Qe1 f6 21. Qg3
Rae8 22. Rfe1 fxe5 23. fxe5 Bc7 24. Bf4 Qe6 25. Qe3 Qg6 26. Bg3 Qxc2 27. e6 d4
28. cxd4 cxd4 29. Rd2 dxe3 30. Rxc2 Bxg3 31. Nxg3 Rxe6 32. Nf1 Bd5 33. Rxe3
Rxf1+ 0-1

[Event "División  Honor Aragonesa 2018"]
[Site ""]
[Date "2018.03.24"]
[Round "9.32"]
[White "Fuertes Garay, Javier"]
[Black "Carbonel Sanchez, Andres"]
[Result "0-1"]
[WhiteElo "2040"]
[BlackElo "1740"]
[PlyCount "0"]
[WhiteTeam "ONCE C.A. Aragon"]
[BlackTeam "Tauste"]
[EventDate "2018.01.27"]

1. e4 c5 2. Nf3 Nc6 3. d4 cxd4 4. Nxd4 e5 5. Nb5 a6 6. Nd6+ Bxd6 7. Qxd6 Qf6 8.
Qd1 Qg6 9. Nc3 Nf6 10. f3 O-O 11. Be3 d5 12. Nxd5 Nxd5 13. exd5 Nb4 14. Bd3
Qxg2 15. Rg1 Qxh2 16. a3 Nxd5 17. Bf2 Nf4 18. Qd2 g6 19. O-O-O Nxd3+ 20. cxd3
Be6 21. Rg3 Bb3 22. Rdg1 Rfc8+ 23. Kb1 Rc2 24. Qb4 Rxf2 25. Qxb3 Rc8 26. Qxb7
Rc5 27. a4 Rb5 0-1

[Event "Cto Aragon  Equipos Pref Grupo I "]
[Site ""]
[Date "2018.03.24"]
[Round "9.33"]
[White "Cid Royo, Jonathan"]
[Black "Lopez Caudevilla, David"]
[Result "1/2-1/2"]
[WhiteElo "2244"]
[BlackElo "2115"]
[PlyCount "0"]
[WhiteTeam "L'Aurora Estadilla"]
[BlackTeam "Actur Rey Fernando"]
[EventDate "2018.01.27"]

1. e4 g6 2. d4 Bg7 3. c4 d6 4. Nc3 Nd7 5. f4 e5 6. Nf3 exd4 7. Nxd4 Ngf6 8. Be2
O-O 9. O-O Re8 10. Bf3 Nc5 11. Re1 Bg4 12. Nb3 Bxf3 13. Qxf3 Nfxe4 14. Nxe4 f5
15. Nexc5 Rxe1+ 16. Kf2 Qe7 17. Nd3 Re8 18. g3 Re2+ 19. Kg1 Qe4 20. Qxe4 fxe4
21. Nb4 a5 22. Kf1 Rxh2 23. Kg1 Rh5 24. Nc2 a4 25. Nbd4 Rc5 26. b3 b5 27. cxb5
Rc3 28. Rb1 Rxg3+ 29. Kf2 Rg4 30. bxa4 g5 31. f5 Ra8 32. Rb4 d5 33. Ne6 Bc3 34.
Rb3 d4 35. Ncxd4 Bxd4+ 36. Nxd4 Rxa4 37. Ne6 Rxa2+ 38. Rb2 Ra3 39. Be3 Rh4 40.
Rd2 Rh2+ 41. Kg1 Rxd2 42. Bxd2 Rf3 43. Nxc7 e3 44. Be1 e2 45. Bf2 Rb3 46. Kg2
Rb1 47. Ne6 h6 48. b6 e1=Q 49. Bxe1 Rxe1 50. b7 Rb1 51. Nc5 Rb4 52. Kf3 Kf7 53.
Kg3 h5 54. Kh3 h4 55. Ne4 Kg7 56. Nxg5 Kf6 57. Nf3 Kxf5 58. Nxh4+ Ke4 59. Kg4
Rxb7 60. Kg5 Rh7 61. Ng6 Rh1 62. Kf6 Rh5 63. Ne7 Rc5 64. Ke6 Ra5 65. Kd6 Rh5
66. Nc6 1/2-1/2

[Event "Cto Aragon  Equipos Pref Grupo I "]
[Site ""]
[Date "2018.03.24"]
[Round "9.34"]
[White "Aviol Perez, Jose Mariano"]
[Black "Cid Royo, Oscar"]
[Result "0-1"]
[WhiteElo "1786"]
[BlackElo "2001"]
[PlyCount "0"]
[WhiteTeam "Actur Rey Fernando"]
[BlackTeam "L'Aurora Estadilla"]
[EventDate "2018.01.27"]

1. d4 d5 2. Nf3 c6 3. c4 e6 4. Nc3 Nf6 5. Bg5 dxc4 6. e4 b5 7. e5 h6 8. Bh4 g5
9. Nxg5 hxg5 10. Bxg5 Nbd7 11. exf6 Bb7 12. g3 c5 13. d5 Nb6 14. Bg2 b4 15. Na4
Bxd5 16. Nxb6 axb6 17. O-O Bxg2 18. Kxg2 Qd5+ 19. Qxd5 exd5 20. Bf4 Kd7 21.
Rfe1 d4 22. g4 c3 23. bxc3 bxc3 24. Kf3 Bd6 25. Bxd6 Kxd6 26. Re7 d3 27. Ke3 c4
28. Rxf7 Rhe8+ 29. Kd4 d2 30. Rb1 Ke6 31. Rb7 Red8+ 0-1

[Event "Cto Aragon  Equipos Pref Grupo I "]
[Site ""]
[Date "2018.03.24"]
[Round "9.35"]
[White "Felez Casedas, Carlos"]
[Black "Arbiol Val, Sergio"]
[Result "1-0"]
[WhiteElo "1998"]
[BlackElo "1631"]
[PlyCount "0"]
[WhiteTeam "L'Aurora Estadilla"]
[BlackTeam "Actur Rey Fernando"]
[EventDate "2018.01.27"]

1. d4 d5 2. Nf3 Nf6 3. Bf4 Bf5 4. e3 e6 5. c4 Nbd7 6. Qb3 dxc4 7. Bxc4 Nb6 8.
Be2 Be7 9. Nc3 O-O 10. h3 Nfd5 11. Be5 Nb4 12. e4 Bg6 13. O-O Nc6 14. Bg3 Nxd4
15. Nxd4 Qxd4 16. Rfd1 Qb4 17. Bxc7 Rac8 18. Qxb4 Bxb4 19. Bd6 Bxd6 20. Rxd6
Nc4 21. Bxc4 Rxc4 22. f3 Rb4 23. b3 Rc8 24. Rad1 h6 25. Rd8+ Rxd8 26. Rxd8+ Kh7
27. Rd6 e5 28. Kf2 f6 29. Rd5 Be8 30. Ke3 Rb6 31. Rd8 Bf7 32. h4 Be6 33. g3 Rc6
34. Kd2 Bh3 35. f4 Bg2 36. f5 Rb6 37. Nd5 Bxe4 38. Nxb6 axb6 39. Rd7 Bxf5 40.
Rxb7 Bb1 41. a4 1-0

[Event "Cto Aragon  Equipos Pref Grupo I "]
[Site ""]
[Date "2018.03.24"]
[Round "9.36"]
[White "Sanchez Gascon, Ricardo"]
[Black "Puertolas Serena, Arturo"]
[Result "0-1"]
[WhiteElo "1436"]
[BlackElo "1837"]
[PlyCount "0"]
[WhiteTeam "Actur Rey Fernando"]
[BlackTeam "L'Aurora Estadilla"]
[EventDate "2018.01.27"]

1. Nf3 d5 2. b3 e6 3. Bb2 c5 4. e3 Nf6 5. d4 Nc6 6. Bd3 cxd4 7. exd4 Qa5+ 8.
Nbd2 Nb4 9. Be2 Bd7 10. a3 Nc6 11. O-O Bd6 12. Ne5 Qc7 13. f4 Ne7 14. Qe1 Qxc2
15. Rb1 Qc7 16. Rc1 Qb6 17. Rf3 Nf5 18. Qf2 Bb5 19. Bxb5+ Qxb5 20. g4 Ne7 21.
b4 O-O 22. g5 Ne4 23. Nxe4 dxe4 24. Rh3 Nf5 25. Qg2 Rfc8 26. Rxc8+ Rxc8 27.
Qxe4 Qa4 28. g6 Qd1+ 29. Kf2 Rc2+ 30. Qxc2 Qxc2+ 31. Ke1 Qb1+ 32. Kd2 Qxb2+ 33.
Ke1 fxg6 0-1

[Event "Cto Aragon  Equipos Pref Grupo I "]
[Site ""]
[Date "2018.03.24"]
[Round "9.38"]
[White "Ferreruela Romero, Jose Joaquin"]
[Black "Rodriguez Aranda, Kevin"]
[Result "1-0"]
[WhiteElo "2021"]
[BlackElo "1734"]
[PlyCount "0"]
[WhiteTeam "San Jose"]
[BlackTeam "Monzon B"]
[EventDate "2018.01.27"]

1. d4 d5 2. Bg5 c6 3. c3 Bf5 4. Nf3 f6 5. Bf4 e6 6. e3 Bd6 7. Bg3 Ne7 8. Nh4
O-O 9. Nxf5 Nxf5 10. Bd3 Re8 11. Qc2 g6 12. Nd2 Kg7 13. Nf3 Qc7 14. Bxf5 exf5
15. Bxd6 Qxd6 16. O-O Nd7 17. Rfe1 Re7 18. Nh4 Qe6 19. g3 Rae8 20. Rec1 Nb6 21.
b3 Nc8 22. c4 Nd6 23. cxd5 cxd5 24. Ng2 g5 25. Qd1 b5 26. Rc3 Rc8 27. Rxc8 Nxc8
28. Rc1 Nb6 29. Rc5 a6 30. Qc2 Qe4 31. Rc6 Qxc2 32. Rxc2 Na8 33. Rc5 Rc7 34. b4
Kf7 35. Kf1 Ke6 36. Ke2 Kd6 37. Ne1 Nb6 38. Nd3 Na4 39. Rxc7 Kxc7 40. Kd2 Nb6
41. Nc5 Nc4+ 42. Kc3 Nd6 43. Nxa6+ Kb6 44. Nc5 Ne4+ 45. Nxe4 fxe4 46. h4 g4 47.
Kb3 Ka6 48. a4 Kb6 49. h5 h6 50. Ka3 Kb7 51. axb5 Ka7 52. Kb3 Kb7 53. b6 Kxb6
54. Ka4 Ka6 55. b5+ Kb6 56. Kb4 f5 57. Ka4 Kc7 58. Ka5 Kb7 1-0

[Event "Cto Aragon  Equipos Pref Grupo I "]
[Site ""]
[Date "2018.03.24"]
[Round "9.39"]
[White "Arrieta Restrepo, Steven"]
[Black "Baldellou Vicente, Roberto"]
[Result "1-0"]
[WhiteElo "1687"]
[BlackElo "1967"]
[PlyCount "0"]
[WhiteTeam "Monzon B"]
[BlackTeam "San Jose"]
[EventDate "2018.01.27"]

1. d4 d5 2. Bf4 Nf6 3. e3 e6 4. Nf3 Bd6 5. Ne5 O-O 6. Nd2 c5 7. c3 Nc6 8. Bd3
Ne7 9. Bg3 b6 10. f4 Bb7 11. Qf3 Nf5 12. Bf2 Be7 13. g4 Nd6 14. g5 Nfe4 15. Qh3
c4 16. Bxe4 dxe4 17. Ndxc4 Nf5 18. Ng4 b5 19. Nce5 Bd5 20. O-O Rc8 21. Qg2 Kh8
22. Qh3 Kg8 23. Kh1 b4 24. Be1 bxc3 25. Bxc3 h6 26. gxh6 g6 27. Rg1 Kh7 28. a3
Qe8 29. Bb4 f6 30. Nxg6 Qxg6 31. Bxe7 Nxe7 32. Rg2 Nf5 33. Rag1 Rg8 34. Nf2
Qxh6 35. Rxg8 Qxh3 0-1

[Event "Cto Aragon  Equipos Pref Grupo I "]
[Site ""]
[Date "2018.03.24"]
[Round "9.40"]
[White "Palomar Ramon, Santiago"]
[Black "Mendoza Barcia, Pedro"]
[Result "1-0"]
[WhiteElo "1914"]
[BlackElo "1686"]
[PlyCount "0"]
[WhiteTeam "San Jose"]
[BlackTeam "Monzon B"]
[EventDate "2018.01.27"]

1. e4 c5 2. Nc3 Nc6 3. Bb5 e6 4. Bxc6 bxc6 5. d3 Nf6 6. f4 d5 7. Nf3 Be7 8. O-O
O-O 9. b3 Ba6 10. e5 Ne8 11. Kh1 Nc7 12. Qe1 d4 13. Ne4 Nd5 14. Qg3 f6 15. exf6
Nxf6 16. Nfg5 Nxe4 17. Nxe4 Qd5 18. Bd2 Rf5 19. c4 dxc3 20. Bxc3 g6 21. Rfd1
Rd8 22. Be5 Rdf8 23. Rac1 Bb7 24. Nf2 Bd6 25. Ng4 Bxe5 26. fxe5 Kg7 27. Qe3 Rf4
28. Nf6 Qd4 29. Qh3 Rh4 30. Qxe6 Bc8 31. Qe7+ Rf7 32. Qxc5 Qf4 33. Qg1 Qxe5 34.
Ne4 Bb7 35. Rc5 Qe7 36. Qd4+ Kg8 37. Re5 Qf8 38. h3 Rhf4 39. Qd6 Rf1+ 40. Rxf1
Rxf1+ 41. Kh2 Qxd6 42. Nxd6 Ba6 43. Re8+ Rf8 44. Rxf8+ Kxf8 45. Nc4 Ke7 46. Kg3
Ke6 47. Kf4 Kd5 48. Ke3 c5 49. g3 Bc8 50. h4 h6 51. a3 g5 52. hxg5 hxg5 53. Nd2
g4 54. Ne4 a5 55. Nc3+ Ke5 56. Na4 Kd6 1-0

[Event "Cto Aragon  Equipos Pref Grupo I "]
[Site ""]
[Date "2018.03.24"]
[Round "9.41"]
[White "Carruez Gracia, Eduardo"]
[Black "Maza Broto, Pablo"]
[Result "1-0"]
[WhiteElo "2024"]
[BlackElo "2076"]
[PlyCount "0"]
[WhiteTeam "Agrupacion C"]
[BlackTeam "Jaime Casas B"]
[EventDate "2018.01.27"]

1. e4 c5 2. Nf3 e6 3. c3 Nc6 4. d4 d5 5. exd5 exd5 6. Bb5 Bd6 7. O-O Nge7 8.
Bg5 O-O 9. dxc5 Bxc5 10. Nbd2 f6 11. Bf4 Ng6 12. Bg3 a6 13. Be2 Bb6 14. Nb3 Bf5
15. Nbd4 Qd7 16. Nxf5 Qxf5 17. Bd3 Qh5 18. Qb3 Ba7 19. Qxb7 Na5 20. Qc7 Nc4 21.
Bxc4 Rfc8 22. Bxd5+ Qxd5 23. Qd6 Qb7 24. Qe6+ Kh8 25. Qb3 Qe4 26. Rfe1 Qg4 27.
Qe6 Qa4 28. Re4 Qc2 29. Re2 Qa4 30. Qb3 Qg4 31. Rae1 h5 32. Qe6 f5 33. Be5 Re8
34. Qf7 Nxe5 35. Nxe5 1-0